Shallow outwash deposit in Huron-Wolsey area, (Record no. 29567)
[ view plain ]
| 000 -LEADER | |
|---|---|
| fixed length control field | 00974cam a22002651 4500 |
| 001 - CONTROL NUMBER | |
| control field | gs 61000262 |
| 003 - CONTROL NUMBER IDENTIFIER | |
| control field | DLC |
| 005 - DATE AND TIME OF LATEST TRANSACTION | |
| control field | 20260227111410.0 |
| 008 - FIXED-LENGTH DATA ELEMENTS--GENERAL INFORMATION | |
| fixed length control field | 751203s1961 sduab 000 0 eng c |
| 010 ## - LIBRARY OF CONGRESS CONTROL NUMBER | |
| LC control number | gs 61000262 |
| 035 ## - SYSTEM CONTROL NUMBER | |
| System control number | (OCoLC)1872852 |
| 040 ## - CATALOGING SOURCE | |
| Original cataloging agency | U. S. Geol. Survey. Libr. |
| Transcribing agency | FMU |
| Modifying agency | OCoLC |
| -- | DLC |
| 042 ## - AUTHENTICATION CODE | |
| Authentication code | premarc |
| 050 00 - LIBRARY OF CONGRESS CALL NUMBER | |
| Classification number | GB1025.S8 |
| Item number | W32 |
| 100 1# - MAIN ENTRY--PERSONAL NAME | |
| Personal name | Walker, Ian R. |
| 245 10 - TITLE STATEMENT | |
| Title | Shallow outwash deposit in Huron-Wolsey area, |
| Remainder of title | Beadle County, South Dakota, |
| Statement of responsibility, etc. | by Ian R. Walker, |
| 260 ## - PUBLICATION, DISTRIBUTION, ETC. | |
| Place of publication, distribution, etc. | Vermillion, |
| Name of publisher, distributor, etc. | University of South Dakota, |
| Date of publication, distribution, etc. | 1961. |
| 300 ## - PHYSICAL DESCRIPTION | |
| Extent | ii, 44 p. |
| Other physical details | illus., maps. |
| Dimensions | 23 cm. |
| 490 1# - SERIES STATEMENT | |
| Series statement | South Dakota. State Geological Survey. Report of investigations, |
| Volume/sequential designation | no. 91 |
| 650 #0 - SUBJECT ADDED ENTRY--TOPICAL TERM | |
| Topical term or geographic name entry element | Geology |
| Geographic subdivision | South Dakota |
| -- | Beadle County. |
| 650 #0 - SUBJECT ADDED ENTRY--TOPICAL TERM | |
| Topical term or geographic name entry element | Groundwater |
| Geographic subdivision | South Dakota |
| -- | Beadle County. |
| 650 #0 - SUBJECT ADDED ENTRY--TOPICAL TERM | |
| Topical term or geographic name entry element | Water-supply |
| Geographic subdivision | South Dakota |
| -- | Beadle County. |
| 650 #0 - SUBJECT ADDED ENTRY--TOPICAL TERM | |
| Topical term or geographic name entry element | Geology |
| 810 1# - SERIES ADDED ENTRY--CORPORATE NAME | |
| Corporate name or jurisdiction name as entry element | South Dakota. |
| Subordinate unit | State Geologist Report of investigations ; |
| Volume/sequential designation | no. 91. |
No items available.